1761 1752 1753 1408 1291 1526 1268 1319 1511 1805 1303 1554 1458 1724 1327 1292 1144 1741 1231 1095 1368 1243 1169 1345 1945 1190 1690 1154 1291 1626 1932 1705 1961 1973 1594 1714 1691 1599 1519 1541 1092 1711 1475 1931 1743 1383 1473 1751 1533 1625 1793 1089 1296 1344 1632 1279 1616 1507 1856 1857 1993 1273 1327 1900 1749 1988 1864 1025 1765 1976 1254 1120 1244 1962 1063 1698 1057 1522 1997 1244 1946 1286 1308 1970 1681 1469 1199 1807 1217 1542 1587 1337 1212 1028 1280 1954 1505 1035 1552 BCNSPRNW ULIB Ver.6.0+V

เปลี่ยนเป็นภาษาไทย

Change to English
 แสดงรายละเอียดบรรณานุกรม
  กลับหน้าหลัก

Brief Record : Get Marc (ISO 2709) : E-mail record : QR code < ปิดหน้าต่าง
LEADER : 00000nam 2200000uu 4500
001    13399127792
003     ULIB
008    210914s2563||||th 000 0 tha d
020    ^a9786168201077
060 04 ^aWS350.8.A8^bช495ร
100 0  ^aชาญวิทย์ พรนภดล
245 00 ^aโรคสมาธิสั้น =^bASHD : Attention deficit hyperactivitydisorders /^c[บรรณาธิการ], ชาญวิทย์ พรนภดล
246 31 ^aASHD :^bAttention deficit hyperactivity disorders
246 31 ^aAttention deficit hyperactivity disorders
250    ^aพิมพ์ครั้งที่ 4
260    ^aกรุงเทพฯ :^bสำนักพิมพ์ศิริราช คณะแพทยศาสตร์ศิริราชพยาบาลมหาวิทยาลัยมหิดล,^c2563.
300    ^a431 หน้า :^bภาพประกอบ ;^c27 ซม.
650  2 ^aAttention Deficit Disorder with Hyperactivity
650  4 ^aโรคสมาธิสั้น
650  4 ^aโรคสมาธิสั้น^vการวินิจฉัย
653    ^aผลงานอาจารย์คณะแพทยศาสตร์ศิริราชพยาบาล
710 2  ^aมหาวิทยาลัยมหิดล.^bคณะแพทยศาสตร์ศิริราชพยาบาล.^bสำนักพิมพ์ศิริราช
945    ^p790^l0^i28909
945    ^p790^l0^i28910
945    ^p790^l0^i28911
945    ^p790^l0^i28912
945    ^p790^l0^i28913
999    ^aกัณชพร จุลอักษร
รายการนี้ยังไม่มีแท็ก
คุณยังไม่ได้ล็อกอิน คุณสามารถมีกิจกรรมร่วมกับเว็บไซต์ได้ แต่ต้องล็อกอินก่อน ::
  ล็อกอิน

รายการสื่อสารสนเทศ

ลำดับที่ ประเภท เลขเรียก/บาร์โค้ด สถานที่ สถานะ
1. วิทยาศาสตร์การแพทย์ และสุขภาพ
วิทยาศาสตร์การแพทย์ และสุขภาพ
WS350.8.A8 ช495ร ฉ.1 
  Barcode: 28909
ห้องสมุดวิทยาเขตนครสวรรค์
►หนังสือทั่วไป:l:General Books
บนชั้น
2. วิทยาศาสตร์การแพทย์ และสุขภาพ
วิทยาศาสตร์การแพทย์ และสุขภาพ
WS350.8.A8 ช495ร ฉ.2 
  Barcode: 28910
ห้องสมุดวิทยาเขตนครสวรรค์
►หนังสือทั่วไป:l:General Books
บนชั้น
3. วิทยาศาสตร์การแพทย์ และสุขภาพ
วิทยาศาสตร์การแพทย์ และสุขภาพ
WS350.8.A8 ช495ร ฉ.3 
  Barcode: 28911
ห้องสมุดวิทยาเขตนครสวรรค์
►หนังสือทั่วไป:l:General Books
บนชั้น
4. วิทยาศาสตร์การแพทย์ และสุขภาพ
วิทยาศาสตร์การแพทย์ และสุขภาพ
WS350.8.A8 ช495ร ฉ.4 
  Barcode: 28912
ห้องสมุดวิทยาเขตนครสวรรค์
►หนังสือทั่วไป:l:General Books
บนชั้น
5. วิทยาศาสตร์การแพทย์ และสุขภาพ
วิทยาศาสตร์การแพทย์ และสุขภาพ
WS350.8.A8 ช495ร ฉ.5 
  Barcode: 28913
ห้องสมุดวิทยาเขตนครสวรรค์
►หนังสือทั่วไป:l:General Books
บนชั้น

รายการใกล้เคียง
    ผู้แต่ง [ชาญวิทย์ พรนภดล]

    หัวเรื่อง [Attention Deficit Disorder with Hyperactivity]
    หัวเรื่อง [โรคสมาธิสั้น]

BibComment


ยังไม่เคยถูกคอมเมนท์

คอมเมนท์ทรัพยากรรายการนี้
  คอมเมนท์: โรคสมาธิสั้น AS..


 Copyright 2026. Bcnsprnw @Library